[Event "Montigny le Bretonneux op 25th"]
[Site "Montigny le Bretonneux"]
[Date "2023.05.21"]
[Round "8"]
[White "Bozier, Teodor"]
[Black "Zheng, Zhaokang"]
[Result "1-0"]
[WhiteElo "1213"]
[BlackElo "1009"]
[PlyCount "71"]
[EventDate "2023.05.18"]
[EventType "swiss"]
[EventRounds "9"]
[EventCountry "FRA"]
[SourceTitle "CBM 214 Extra"]
[Source "ChessBase"]
[SourceDate "2023.07.31"]
[SourceVersion "1"]
[SourceVersionDate "2023.07.31"]
[SourceQuality "1"]

1. e4 e5 2. Nf3 Nc6 3. Bc4 Nf6 4. d3 Bc5 5. 0-0 d6 6. h3 0-0 7. Bg5 h6 8. Bh4 Be6 9. Bb3 Qe7 10. Nc3 Rad8 11. Re1 Nb4 12. Bxe6 fxe6 13. a3 Na6 14. Qe2 d5 15. exd5 exd5 16. Qxe5 Qxe5 17. Rxe5 g5 18. Bg3 d4 19. Na4 Bd6 20. Re2 Bf4 21. Bxf4 gxf4 22. Rae1 b5 23. Nxd4 Rxd4 24. Nc3 c6 25. Re6 b4 26. axb4 Nxb4 27. R1e2 Nfd5 28. Nxd5 cxd5 29. Rxh6 f3 30. gxf3 Rxf3 31. c3 Rdf4 32. cxb4 Rxb4 33. Ra6 Rxd3 34. Rxa7 Rd1+ 35. Kg2 Rdd4 36. Re8# 1-0

[Event "Montigny le Bretonneux op 25th"]
[Site "Montigny le Bretonneux"]
[Date "2023.05.21"]
[Round "9"]
[White "Zheng, Zhaokang"]
[Black "Genovart, Lucas"]
[Result "1/2-1/2"]
[WhiteElo "1009"]
[BlackElo "1199"]
[PlyCount "78"]
[EventDate "2023.05.18"]
[EventType "swiss"]
[EventRounds "9"]
[EventCountry "FRA"]
[SourceTitle "CBM 214 Extra"]
[Source "ChessBase"]
[SourceDate "2023.07.31"]
[SourceVersion "1"]
[SourceVersionDate "2023.07.31"]
[SourceQuality "1"]

1. e4 e5 2. Nf3 Nc6 3. Bc4 Bc5 4. 0-0 d6 5. h3 Nf6 6. Nc3 0-0 7. d3 h6 8. Be3 Bxe3 9. fxe3 Na5 10. Nd5 Nxd5 11. exd5 Nxc4 12. dxc4 c6 13. dxc6 bxc6 14. b4 Re8 15. c5 Ba6 16. Re1 e4 17. Nd4 dxc5 18. bxc5 Bb7 19. Qg4 Bc8 20. Qg3 Qf6 21. Rf1 Qg6 22. Qxg6 fxg6 23. Nxc6 Bb7 24. Na5 Rab8 25. Nxb7 Rxb7 26. a4 Rc7 27. a5 Rxc5 28. Rfc1 Rec8 29. Ra2 Kf7 30. Rf1+ Ke6 31. Rc1 a6 32. Kf2 h5 33. Kg3 Rc3 34. Kf4 R8c4 35. Rb2 Rc6 36. Kxe4 R3c4+ 37. Kf3 Kf5 38. Ke2 Ke4 39. Kd2 Ra4 1/2-1/2

[Event "Montigny le Bretonneux op 25th"]
[Site "Montigny le Bretonneux"]
[Date "2023.05.20"]
[Round "5"]
[White "Zheng, Zhaokang"]
[Black "Garabedian, Christophe"]
[Result "0-1"]
[WhiteElo "1009"]
[BlackElo "1199"]
[PlyCount "44"]
[EventDate "2023.05.18"]
[EventType "swiss"]
[EventRounds "9"]
[EventCountry "FRA"]
[SourceTitle "CBM 214 Extra"]
[Source "ChessBase"]
[SourceDate "2023.07.31"]
[SourceVersion "1"]
[SourceVersionDate "2023.07.31"]
[SourceQuality "1"]

1. e4 e5 2. Nf3 Nc6 3. Bc4 Bc5 4. 0-0 Nf6 5. Nc3 d6 6. d3 Bg4 7. h3 Bh5 8. Be3 Qd7 9. Re1 0-0-0 10. Bxc5 dxc5 11. Nd5 Nd4 12. Re3 Rhg8 13. g4 Bg6 14. Nxf6 gxf6 15. a4 h5 16. gxh5 Bxh5+ 17. Kh2 Rg7 18. c3 Rdg8 19. Nxe5 Rg2+ 20. Kh1 Bxd1 21. Nxd7 Rg1+ 22. Kh2 R8g2# 0-1